| 000 | 00760nam a22002417a 4500 | ||
|---|---|---|---|
| 001 | 98588 | ||
| 003 | UA-OsUOA | ||
| 005 | 20210617110348.0 | ||
| 007 | ta | ||
| 008 | 20130416b un ||||| |||| 00| 0 ukr d | ||
| 040 |
_aUA-OsUOA _brus _cUA-OsUOA _dUA-OsUOA |
||
| 041 | _arus | ||
| 080 | _a821.161.1 | ||
| 090 |
_a821.161.1 _bЩ36 |
||
| 100 | _aСалтыков-Щедрин М. Е. | ||
| 245 | _aИзбранные произведения : в семи томах | ||
| 260 |
_aМ. _bГостиздат _c1939 |
||
| 300 | _a412 с. | ||
| 505 |
_gТ. 2 _tПомпадуры и помпадурши. История одного города |
||
| 650 | 7 |
_a82 Література. Літературознавство _2UDC |
|
| 942 |
_cBK _2udc |
||
| 955 | _a3 | ||
| 999 |
_c384481 _d384481 |
||